000 00470pab a2200181 454500
008 180718b2014 xxu||||| |||| 00| 0 eng d
100 _aGohain, Hiren
245 _aA note on recent ethnic violence in Assam
260 _c2014
300 _ap.19-22.
362 _a29 Mar
650 _aViolence - India - Assam
650 _aEthnic groups - India - Assam
650 _aEthnic groups
773 _aEconomic and Political Weekly
908 _aN
909 _a105669
999 _c105664
_d105664